Building Communities of Trust : Creative Work for Social Change.

Bibliographic Details
Main Author: E. Feldman, Ann.
Format: eBook
Language:English
Published: Milton : Taylor & Francis Group, 2022.
Edition:1st ed.
Series:Routledge Focus on Media and Cultural Studies
Subjects:
Online Access:Click to View
LEADER 01542nam a22003733i 4500
001 EBC7245335
003 MiAaPQ
005 20231204023229.0
006 m o d |
007 cr cnu||||||||
008 231204s2022 xx o ||||0 eng d
020 |a 9781000642148  |q (electronic bk.) 
020 |z 9781032259604 
035 |a (MiAaPQ)EBC7245335 
035 |a (Au-PeEL)EBL7245335 
035 |a (OCoLC)1378933230 
040 |a MiAaPQ  |b eng  |e rda  |e pn  |c MiAaPQ  |d MiAaPQ 
100 1 |a E. Feldman, Ann. 
245 1 0 |a Building Communities of Trust :  |b Creative Work for Social Change. 
250 |a 1st ed. 
264 1 |a Milton :  |b Taylor & Francis Group,  |c 2022. 
264 4 |c Ã2022. 
300 |a 1 online resource (145 pages) 
336 |a text  |b txt  |2 rdacontent 
337 |a computer  |b c  |2 rdamedia 
338 |a online resource  |b cr  |2 rdacarrier 
490 1 |a Routledge Focus on Media and Cultural Studies 
588 |a Description based on publisher supplied metadata and other sources. 
590 |a Electronic reproduction. Ann Arbor, Michigan : ProQuest Ebook Central, 2023. Available via World Wide Web. Access may be limited to ProQuest Ebook Central affiliated libraries.  
655 4 |a Electronic books. 
776 0 8 |i Print version:  |a E. Feldman, Ann  |t Building Communities of Trust  |d Milton : Taylor & Francis Group,c2022  |z 9781032259604 
797 2 |a ProQuest (Firm) 
830 0 |a Routledge Focus on Media and Cultural Studies 
856 4 0 |u https://ebookcentral.proquest.com/lib/matrademy/detail.action?docID=7245335  |z Click to View